Coureur de la Groupama FDJ 2024 - Statistiques

Statistiques générales
  • Ce quiz a été pris 25 fois
  • Le résultat moyen est 14 sur 28
Statistiques - réponses
Réponse % Correct
Gaudu
100%
Madouas
86%
Kung
82%
Martinez
82%
Gregoire
77%
Penhoet
68%
Geniets
59%
Molard
59%
Davy
55%
Pacher
55%
Le Huitouze
50%
Pithie
50%
Russo
50%
Askey
45%
Germani
41%
Le Gac
41%
Gruel
36%
Paleni
36%
Rochas
36%
Thompson
36%
Walls
36%
Watson
36%
Barthe
32%
Van den Berg
27%
Bystrom
23%
Lienhard
23%
Sarreau
23%
Konovalovas
18%
Aucun quiz correspondant
Distribution des résultats
% des personnes avec chaque résultat
Percentile par nombre de réponses
Votre historique - résultats
Vous n’avez pas pris ce quiz